[Event "Sochi IM"]
[Site "Sochi"]
[Date "2013.06.29"]
[Round "8"]
[White "Zakaryan, David"]
[Black "Mamjan, Manuk"]
[Result "0-1"]
[WhiteElo "2244"]
[BlackElo "2305"]
[PlyCount "146"]
[EventDate "2013.06.22"]
[EventType "tourn"]
[EventRounds "9"]
[EventCountry "RUS"]
[EventCategory "2"]
[SourceTitle "EXT 2014"]
[Source "ChessBase"]
[SourceDate "2013.11.20"]
[SourceVersion "1"]
[SourceVersionDate "2013.11.20"]
[SourceQuality "1"]

1. e4 c5 2. Nf3 d6 3. d4 cxd4 4. Nxd4 Nf6 5. Nc3 a6 6. Be3 e5 7. Nb3 Be6 8. f3 Nbd7 9. g4 Be7 10. Qd2 h6 11. 0-0-0 b5 12. h4 Nb6 13. Na5 Qc7 14. Rg1 b4 15. Nb1 d5 16. g5 hxg5 17. hxg5 Nfd7 18. exd5 Nxd5 19. Nc4 Nxe3 20. Nxe3 Bc5 21. Bd3 Nb6 22. Rh1 Ke7 23. g6 Na4 24. gxf7 Qb6 25. Ng2 Bh3 26. Be4 Ra7 27. Qg5+ Qf6 28. f8Q+ Kxf8 29. Qxf6+ gxf6 30. Rd8+ Ke7 31. Rxh8 Bxg2 32. R1h7+ Ke6 33. Rxa7 Bxa7 34. Nd2 Be3 35. Rd8 Ke7 36. Rd3 Bd4 37. Rb3 a5 38. f4 Bxe4 39. Nxe4 exf4 40. Rf3 Bxb2+ 41. Kd2 Be5 42. a3 f5 43. Nf2 Bc3+ 44. Kd3 bxa3 45. Rxf4 Bb4 46. Nh1 a2 47. Rf1 Bc3 48. Ng3 f4 49. Ne2 a1Q 50. Rxa1 Bxa1 51. Nxf4 Kd6 52. Kc4 Kc6 53. Kb3 Nc5+ 54. Ka2 Be5 55. Ne2 Kd5 56. Ng1 Ke4 57. Ne2 Ke3 58. Nc1 Kd2 59. Kb1 a4 60. Na2 Ne4 61. Nb4 Nc3+ 62. Kb2 Nb5+ 63. Kb1 Bd4 64. Nd3 a3 65. Ka2 Kxc2 66. Ne1+ Kc1 67. Nd3+ Kd2 68. Nf4 Bc5 69. Kb3 Nd4+ 70. Ka2 Kc3 71. Nd5+ Kc4 72. Ne3+ Kd3 73. Nd5 Nc2 0-1

[Event "Sochi IM"]
[Site "Sochi"]
[Date "2013.06.26"]
[Round "5"]
[White "Mamjan, Manuk"]
[Black "Odnorozhenko, Evgenyi"]
[Result "1/2-1/2"]
[WhiteElo "2305"]
[BlackElo "2277"]
[PlyCount "52"]
[EventDate "2013.06.22"]
[EventType "tourn"]
[EventRounds "9"]
[EventCountry "RUS"]
[EventCategory "2"]
[SourceTitle "EXT 2014"]
[Source "ChessBase"]
[SourceDate "2013.11.20"]
[SourceVersion "1"]
[SourceVersionDate "2013.11.20"]
[SourceQuality "1"]

1. d4 Nf6 2. c4 e6 3. Nf3 b6 4. g3 Ba6 5. b3 Bb7 6. Bg2 Bb4+ 7. Bd2 Be7 8. 0-0 0-0 9. Nc3 d5 10. Ne5 Na6 11. cxd5 exd5 12. Rc1 Re8 13. Bf4 Bf8 14. Bh3 c5 15. dxc5 Nxc5 16. Nb5 g5 17. Nxf7 Kxf7 18. Bxg5 d4 19. Qxd4 Qxd4 20. Nxd4 Rad8 21. Rfd1 Nce4 22. Bxf6 Kxf6 23. e3 Bc5 24. Bg2 Ba6 25. Bf1 Bb7 26. Bg2 Ba6 1/2-1/2

[Event "Sochi IM"]
[Site "Sochi"]
[Date "2013.06.24"]
[Round "3"]
[White "Tsyhanchuk, Stanislav"]
[Black "Mamjan, Manuk"]
[Result "1-0"]
[WhiteElo "2412"]
[BlackElo "2305"]
[PlyCount "91"]
[EventDate "2013.06.22"]
[EventType "tourn"]
[EventRounds "9"]
[EventCountry "RUS"]
[EventCategory "2"]
[SourceTitle "EXT 2014"]
[Source "ChessBase"]
[SourceDate "2013.11.20"]
[SourceVersion "1"]
[SourceVersionDate "2013.11.20"]
[SourceQuality "1"]

1. e4 c5 2. Nf3 d6 3. c3 Nf6 4. Be2 Nc6 5. d4 cxd4 6. cxd4 d5 7. e5 Ne4 8. 0-0 e6 9. Bd3 Be7 10. Re1 Ng5 11. Nxg5 Bxg5 12. Bxg5 Qxg5 13. Bb5 Bd7 14. Bxc6 Bxc6 15. Nd2 0-0 16. Nf3 Qe7 17. Qb3 Rfc8 18. Rac1 b6 19. Rc3 Bb7 20. Rec1 Rxc3 21. Rxc3 Rc8 22. Rxc8+ Bxc8 23. Qc2 Bb7 24. h4 h6 25. g3 Qd7 26. Nd2 Qb5 27. Nf1 Qc4 28. Qxc4 dxc4 29. Ne3 b5 30. a4 a6 31. axb5 axb5 32. Kf1 g5 33. hxg5 hxg5 34. Ke1 Bf3 35. Kd2 Kg7 36. Kc3 Kg6 37. Kb4 Be2 38. Kc5 f6 39. f4 fxe5 40. fxe5 g4 41. d5 exd5 42. Kxd5 Kf7 43. Kd6 Bf3 44. e6+ Kf6 45. e7 Kf7 46. Kd7 1-0

[Event "Sochi IM"]
[Site "Sochi"]
[Date "2013.06.23"]
[Round "2"]
[White "Mamjan, Manuk"]
[Black "Mischuk, Dmitry"]
[Result "1-0"]
[WhiteElo "2305"]
[BlackElo "2303"]
[PlyCount "67"]
[EventDate "2013.06.22"]
[EventType "tourn"]
[EventRounds "9"]
[EventCountry "RUS"]
[EventCategory "2"]
[SourceTitle "EXT 2014"]
[Source "ChessBase"]
[SourceDate "2013.11.20"]
[SourceVersion "1"]
[SourceVersionDate "2013.11.20"]
[SourceQuality "1"]

1. d4 Nf6 2. c4 g6 3. Nf3 d5 4. Nc3 Bg7 5. cxd5 Nxd5 6. e4 Nxc3 7. bxc3 c5 8. Rb1 0-0 9. Be2 Nc6 10. d5 Ne5 11. Nxe5 Bxe5 12. Qd2 e6 13. f4 Bc7 14. 0-0 exd5 15. exd5 Ba5 16. d6 b6 17. Bb2 Bf5 18. Rbd1 Qh4 19. g3 Qh3 20. Rfe1 Rab8 21. Bf1 Qh5 22. a4 Rbd8 23. Re5 Qh6 24. Qe2 Bd7 25. c4 Bxa4 26. Rdd5 Bc6 27. Re7 Bxd5 28. Qe5 f6 29. Qxd5+ Kh8 30. Qe6 g5 31. Bd3 gxf4 32. Qf5 Kg8 33. Rxh7 Qg5 34. Qe6+ 1-0

[Event "Maikop op"]
[Site "Maikop"]
[Date "2004.04.??"]
[Round "2"]
[White "Savchenko, Boris"]
[Black "Mamjan, Manuk"]
[Result "1-0"]
[WhiteElo "2488"]
[BlackElo "2313"]
[PlyCount "58"]
[EventDate "2004.04.??"]
[EventType "swiss"]
[EventRounds "9"]
[EventCountry "RUS"]
[SourceTitle "EXT 2006"]
[Source "ChessBase"]
[SourceDate "2005.11.24"]
[SourceVersion "1"]
[SourceVersionDate "2005.11.24"]
[SourceQuality "1"]

1. d4 Nf6 2. c4 e6 3. Nf3 d5 4. g3 dxc4 5. Bg2 a6 6. a4 c5 7. dxc5 Qxd1+ 8. Kxd1 Ng4 9. Ke1 Bxc5 10. e3 Nc6 11. Nbd2 Bb4 12. Ke2 Na5 13. h3 Nf6 14. Ne5 c3 15. Ndc4 Nd7 16. Nxa5 Nxe5 17. Nxb7 c2 18. Bd2 a5 19. Bxb4 axb4 20. b3 Ra7 21. Nd6+ Ke7 22. Nxc8+ Rxc8 23. Rhc1 Rc3 24. a5 Nd3 25. Rxc2 Rxc2+ 26. Kxd3 Rc3+ 27. Ke2 Rxb3 28. a6 Ra3 29. Rb1 Ra2+ 1-0